000 01712cam a22003131i 4500
003 SA-RiAUC
005 20260215132105.0
008 250804s2008____su g 000 0dara c
040 _aSA-JeALM
_bara
_cSA-RiAUC
_erda
043 _aa-su---
082 0 4 _a252.5
_qSA-MAUQU
090 _aم ن 252.5
_bم ر ع
100 1 _aمرعي الكرمي، مرعي بن يوسف بن أبي بكر،
_dتوفي 1033 هجري
_eمؤلف.
245 1 0 _aتشويق الأنام في الحج إلى بيت الله الحرام وزيارة قبر النبي عليه الصلاة والسلام /
_cمرعي بن يوسف أبي بكر الكرمي
264 1 _aبدون مكان نشر:
_bبدون ناشر،
_cبدون تاريخ نشر.
300 _aبدون ترقيم ؛
_c29 سم
336 _aنص
_btxt
_2rdacontent
_3كتاب
337 _aبدون وسيط
_bn
_2rdamedia
338 _aمجلد
_bnc
_2rdacarrier
600 0 7 _aمحمد (صلى الله عليه وسلم)،
_d53 قبل الهجرة-11 هجري
_xضريح
_2aucnm
610 2 7 _aالمسجد النبوي الشريف
_xفضائل
_2aucnm
610 2 7 _aالمسجد الحرام
_xفضائل
_2aucnm
650 7 _aالحج
_xفضائل
_2aucsh
650 7 _aزيارة المدينة المنورة
_2aucsh
700 1 2 _iتحقيق لـ (عمل) :
_aمرعي الكرمي، مرعي بن يوسف بن أبي بكر،
_dتوفي 1033 هجري.
_tتشويق الأنام في الحج إلى بيت الله الحرام وزيارة قبر النبي عليه الصلاة والسلام
700 1 _aالقبيسي، عدنان عبد الرحمن مجيد
_eمحقق.
942 _2ddc
_cRBOOK COPY
_n0
949 _aSA-JeALM
_d250804
_uosman123
_n1
999 _c14335
_d14335